Quiz Département Bourgogne Franche Cômté - Statistiques

Statistiques générales
  • Ce quiz a été pris 102 fois
  • Le résultat moyen est 6 sur 8
Statistiques - réponses
Question Réponse % Correct
Quel club de foot de l'Yonne a eu Guy Roux comme entraineur emblématique AJ Auxerre
86%
Quel Chalon est en Saône-et-Loire Chalon-sur-Saône
86%
Commune de Côte d'or connue pour ses hospices Beaune
79%
Félin de la ville de Belfort Lion
79%
Quelle marque de voiture française est Originaire du Doubs Peugeot
71%
Quel accessoire a fait la réputation de Saint-Claude dans le Jura la Pipe
64%
Dans quel Province historique se trouve le Département de la Nièvre Nivernais
64%
Quel est la Seul sous-préfecture de la Haute-Saône Lure
29%
Aucun quiz correspondant
Distribution des résultats
% des personnes avec chaque résultat
Percentile par nombre de réponses
Votre historique - résultats
Vous n’avez pas pris ce quiz